Statistics for scorpion tv series

Click here to take the quiz!

General Stats

  • This quiz has been taken 344 times
  • The average score is 6 of 10

Answer Stats

HintAnswer% Correct
genius with IQ 197Walter O'brien
87%
waiterss employed to be a part of SCORPIONpaige dineen
79%
mechanichappy quinn
75%
son of the former waitressralph dineen
69%
how old was genius when he hacked into NASA11
65%
human calculatorsylvester dodd
62%
special agent with the U.S department of homeland securitycabe gallo
59%
behaviouristtoby curtis
56%
mr. 197 IQ's sisterMeghan O'brien
36%
Disease the above suffers frommultiple sclerosis
17%

Score Distribution

Percentile by Number Answered

Percent of People with Each Score

Your Score History

You have not taken this quiz